[Event "Saratov Region-ch"]
[Site "Saratov"]
[Date "2012.05.29"]
[Round "1"]
[White "Astapov, Valeriy"]
[Black "Protopopova, Anastasiya"]
[Result "1/2-1/2"]
[WhiteElo "2007"]
[BlackElo "1763"]
[PlyCount "112"]
[EventDate "2012.05.29"]
[EventType "swiss"]
[EventRounds "9"]
[EventCountry "RUS"]
[SourceTitle "CBM 148 Extra"]
[Source "ChessBase"]
[SourceDate "2012.06.22"]
[SourceVersion "1"]
[SourceVersionDate "2012.06.22"]
[SourceQuality "1"]

1. e4 c5 2. Nf3 d6 3. Bb5+ Nc6 4. d4 cxd4 5. Nxd4 Bd7 6. 0-0 Nf6 7. Nc3 g6 8. Re1 Bg7 9. Bxc6 Bxc6 10. Nxc6 bxc6 11. Bg5 0-0 12. Qd2 Rb8 13. b3 Qa5 14. Rad1 Rfe8 15. Nd5 Qxd2 16. Nxf6+ Bxf6 17. Bxd2 c5 18. Re3 c4 19. Bc3 cxb3 20. cxb3 Bxc3 21. Rxc3 Rec8 22. Rdc1 Rxc3 23. Rxc3 Rb4 24. f3 Rd4 25. Rc2 d5 26. exd5 Rxd5 27. Kf2 Kg7 28. Ke3 e6 29. b4 Kf6 30. a4 Rd7 31. b5 e5 32. a5 Rb7 33. Rb2 Ke6 34. f4 exf4+ 35. Kxf4 f6 36. g4 Kd6 37. b6 Kc6 38. bxa7 Rxa7 39. Rb6+ Kc7 40. Rxf6 Rxa5 41. Rf7+ Kd6 42. Rxh7 g5+ 43. Ke4 Ke6 44. Rh6+ Kf7 45. Rd6 Ra2 46. h3 Ra3 47. Rd3 Ra4+ 48. Ke5 Ra5+ 49. Rd5 Ra3 50. Kf5 Rxh3 51. Rd7+ Ke8 52. Ra7 Rh6 53. Kxg5 Rb6 54. Kh5 Kf8 55. g5 Rc6 56. g6 Rc1 1/2-1/2

[Event "Saratov SSEU Cup 2nd Stage"]
[Site "Saratov"]
[Date "2012.05.15"]
[Round "4"]
[White "Dvoryadkin, Maksim"]
[Black "Astapov, Valeriy"]
[Result "1/2-1/2"]
[WhiteElo "2023"]
[BlackElo "2007"]
[PlyCount "105"]
[EventDate "2012.05.11"]
[EventType "swiss"]
[EventRounds "9"]
[EventCountry "RUS"]
[SourceTitle "EXT 2020"]
[Source "ChessBase"]
[SourceDate "2019.10.17"]
[SourceVersion "1"]
[SourceVersionDate "2019.10.17"]
[SourceQuality "1"]

1. d4 c5 2. d5 Nf6 3. c4 g6 4. Nc3 Bg7 5. e4 d6 6. f3 a6 7. Bg5 Bd7 8. Qd2 Qa5 9. a4 h6 10. Be3 Ng8 11. Bd3 Bxc3 12. Qxc3 Qxc3+ 13. bxc3 a5 14. Ne2 Kd8 15. Kd2 Kc7 16. f4 Be8 17. Bc2 Nd7 18. Rhb1 Ra6 19. h3 Ngf6 20. g4 Rb6 21. Rxb6 Nxb6 22. Kd3 Bd7 23. Ng3 Ra8 24. e5 Ng8 25. f5 gxf5 26. gxf5 dxe5 27. Bxc5 Nc8 28. Be3 Nd6 29. Rf1 b6 30. Rb1 Rb8 31. Rf1 Nf6 32. c5 bxc5 33. c4 Rg8 34. Bf2 Nxf5 35. Ne2 Nd4 36. Nxd4 exd4 37. Be1 Kb6 38. Rf3 Rg1 39. Ke2 Rh1 40. Rb3+ Ka6 41. Rb8 Rxh3 42. Ra8+ Kb7 43. Rxa5 Rh2+ 44. Kd1 Bg4+ 45. Kc1 Rh1 46. Rb5+ Ka6 47. Ra5+ Kb6 48. Rb5+ Kc7 49. Rxc5+ Kd6 50. Rc6+ Ke5 51. Kd2 Rh2+ 52. Kc1 Rh1 53. Kd2 1/2-1/2

[Event "Saratov SSEU Cup 2nd Stage"]
[Site "Saratov"]
[Date "2012.05.11"]
[Round "1"]
[White "Astapov, Valeriy"]
[Black "Mamonov, Alexey"]
[Result "0-1"]
[WhiteElo "2007"]
[BlackElo "1809"]
[PlyCount "66"]
[EventDate "2012.05.11"]
[EventType "swiss"]
[EventRounds "9"]
[EventCountry "RUS"]
[SourceTitle "EXT 2020"]
[Source "ChessBase"]
[SourceDate "2019.10.17"]
[SourceVersion "1"]
[SourceVersionDate "2019.10.17"]
[SourceQuality "1"]

1. e4 e5 2. Nf3 Nc6 3. Nc3 Bc5 4. Bc4 Nf6 5. 0-0 0-0 6. d3 h6 7. a3 d6 8. b4 Bb6 9. Na4 Be6 10. Bb5 Ne7 11. c4 c6 12. Nxb6 axb6 13. Ba4 c5 14. h3 Nd7 15. Rb1 Qc7 16. g4 Ng6 17. Kh2 Rfd8 18. Rg1 Ndf8 19. h4 Qe7 20. g5 h5 21. Bc2 Bg4 22. Rg3 Nxh4 23. Rxg4 Nxf3+ 24. Qxf3 hxg4 25. Qxg4 Ne6 26. b5 Nd4 27. Bd1 g6 28. a4 Kg7 29. f4 Rh8+ 30. Kg1 Qe6 31. Qxe6 fxe6 32. fxe5 dxe5 33. Be3 Rh3 0-1